<?xml version="1.0" encoding="UTF-8"?>
<record
    xmlns:xsi="http://www.w3.org/2001/XMLSchema-instance"
    xsi:schemaLocation="http://www.loc.gov/MARC21/slim http://www.loc.gov/standards/marcxml/schema/MARC21slim.xsd"
    xmlns="http://www.loc.gov/MARC21/slim">

  <leader>00644cam a22002292  4500</leader>
  <controlfield tag="001">0000004391</controlfield>
  <controlfield tag="005">20151217155210.0</controlfield>
  <controlfield tag="008">070522s         xx           000 0 eng d</controlfield>
  <datafield tag="020" ind1=" " ind2=" ">
    <subfield code="a">8187125942 :</subfield>
    <subfield code="c">KES 495</subfield>
  </datafield>
  <datafield tag="040" ind1=" " ind2=" ">
    <subfield code="a">KABU</subfield>
    <subfield code="c">KABU</subfield>
  </datafield>
  <datafield tag="050" ind1=" " ind2="0">
    <subfield code="a">HJ141</subfield>
    <subfield code="b">.J45 2004</subfield>
  </datafield>
  <datafield tag="100" ind1="1" ind2=" ">
    <subfield code="a">Jhingan, M. L.</subfield>
    <subfield code="@">0000154929</subfield>
  </datafield>
  <datafield tag="245" ind1="1" ind2="0">
    <subfield code="a">Public finance and international trade.</subfield>
  </datafield>
  <datafield tag="250" ind1=" " ind2=" ">
    <subfield code="a">2nd ed.</subfield>
  </datafield>
  <datafield tag="260" ind1=" " ind2=" ">
    <subfield code="a">Delhi :</subfield>
    <subfield code="b">Vrinda,</subfield>
    <subfield code="c">2004.</subfield>
  </datafield>
  <datafield tag="300" ind1=" " ind2=" ">
    <subfield code="a">x, 370 p.</subfield>
  </datafield>
  <datafield tag="650" ind1=" " ind2="0">
    <subfield code="a">Public finance.</subfield>
    <subfield code="@">0000152733</subfield>
  </datafield>
  <datafield tag="650" ind1=" " ind2="0">
    <subfield code="a">International trade.</subfield>
    <subfield code="@">0000149976</subfield>
  </datafield>
  <datafield tag="908" ind1=" " ind2=" ">
    <subfield code="a">070522</subfield>
  </datafield>
  <datafield tag="950" ind1=" " ind2=" ">
    <subfield code="@">1</subfield>
  </datafield>
  <datafield tag="999" ind1=" " ind2=" ">
    <subfield code="c">11931</subfield>
    <subfield code="d">11931</subfield>
  </datafield>
  <datafield tag="952" ind1=" " ind2=" ">
    <subfield code="0">0</subfield>
    <subfield code="1">0</subfield>
    <subfield code="2">lcc</subfield>
    <subfield code="7">0</subfield>
    <subfield code="a">KABU</subfield>
    <subfield code="b">KABU</subfield>
    <subfield code="d">2015-12-17</subfield>
    <subfield code="l">17</subfield>
    <subfield code="m">2</subfield>
    <subfield code="o">HJ141 .J45 2004</subfield>
    <subfield code="p">007082</subfield>
    <subfield code="r">2024-03-14 08:16:38</subfield>
    <subfield code="s">2024-03-07</subfield>
    <subfield code="w">2015-12-17</subfield>
    <subfield code="y">BK</subfield>
  </datafield>
</record>
